[Event "COL-ch U2000"]
[Site "Pereira"]
[Date "2022.02.20"]
[Round "9"]
[White "Franco, Jhonier"]
[Black "Castano Orrego, Simon"]
[Result "1/2-1/2"]
[WhiteElo "1851"]
[BlackElo "1797"]
[PlyCount "44"]
[EventDate "2022.02.16"]
[EventType "swiss"]
[EventRounds "9"]
[EventCountry "COL"]
[SourceTitle "CBM 207 Extra"]
[Source "ChessBase"]
[SourceDate "2022.05.31"]
[SourceVersion "1"]
[SourceVersionDate "2022.05.31"]
[SourceQuality "1"]

1. d4 Nf6 2. Nf3 g6 3. Bf4 Bg7 4. c3 d6 5. Qc1 0-0 6. h3 Nfd7 7. Bh6 e5 8. Bxg7 Kxg7 9. h4 h5 10. g4 hxg4 11. Ng5 Nf6 12. Nd2 exd4 13. Bg2 Nc6 14. cxd4 Nxd4 15. Qc3 c5 16. e3 Qe7 17. Kd1 Nc6 18. Bxc6 bxc6 19. Nde4 Rh8 20. h5 Rxh5 21. Rxh5 gxh5 22. f4 gxf3 1/2-1/2

[Event "COL-ch U2000"]
[Site "Pereira"]
[Date "2022.02.20"]
[Round "8"]
[White "Mena Mayo, Jairo"]
[Black "Castano Orrego, Simon"]
[Result "1/2-1/2"]
[WhiteElo "1739"]
[BlackElo "1797"]
[PlyCount "86"]
[EventDate "2022.02.16"]
[EventType "swiss"]
[EventRounds "9"]
[EventCountry "COL"]
[SourceTitle "CBM 207 Extra"]
[Source "ChessBase"]
[SourceDate "2022.05.31"]
[SourceVersion "1"]
[SourceVersionDate "2022.05.31"]
[SourceQuality "1"]

1. f4 d5 2. Nf3 Nf6 3. e3 g6 4. c4 Bg7 5. cxd5 Nxd5 6. Bc4 0-0 7. 0-0 b6 8. Nc3 Bb7 9. Qb3 Nxc3 10. bxc3 e6 11. Ba3 Re8 12. d4 Nd7 13. Rae1 Nf6 14. Bb5 c6 15. Bd3 c5 16. Bb5 Nd7 17. dxc5 Qc7 18. cxb6 axb6 19. Rd1 Red8 20. Be7 Nc5 21. Bxd8 Rxd8 22. Rxd8+ Qxd8 23. Rd1 Qc7 24. Qc2 Be4 25. Qd2 Qb7 26. Be2 Bd5 27. c4 Ne4 28. Qc2 Bc6 29. Rd8+ Bf8 30. Ne5 Nc5 31. Nxc6 Qxc6 32. Bf3 Qc7 33. Qd2 h6 34. h4 h5 35. e4 Nb7 36. Ra8 Qc5+ 37. Kh1 Qxc4 38. f5 exf5 39. Qh6 Qb4 40. Rxf8+ Qxf8 41. Qxf8+ Kxf8 42. exf5 Nd6 43. fxg6 fxg6 1/2-1/2

[Event "COL-ch U2000"]
[Site "Pereira"]
[Date "2022.02.18"]
[Round "5"]
[White "Castano Orrego, Simon"]
[Black "Hernandez, Stefano"]
[Result "1/2-1/2"]
[WhiteElo "1797"]
[BlackElo "1706"]
[PlyCount "115"]
[EventDate "2022.02.16"]
[EventType "swiss"]
[EventRounds "9"]
[EventCountry "COL"]
[SourceTitle "CBM 207 Extra"]
[Source "ChessBase"]
[SourceDate "2022.05.31"]
[SourceVersion "1"]
[SourceVersionDate "2022.05.31"]
[SourceQuality "1"]

1. e4 c5 2. Nf3 d6 3. d4 cxd4 4. Qxd4 Nc6 5. Bb5 Bd7 6. Bxc6 Bxc6 7. Nc3 h6 8. Qd3 Nf6 9. Nd4 g6 10. f3 Bg7 11. Be3 Nd7 12. h4 h5 13. 0-0-0 Qa5 14. g4 Nc5 15. Qc4 hxg4 16. Nxc6 bxc6 17. Bd4 Bxd4 18. Qxd4 Rh5 19. fxg4 Ne6 20. Qe3 Rh7 21. Rd2 Qe5 22. Qf3 Qf4 23. Qxf4 Nxf4 24. Ne2 Nxe2+ 25. Rxe2 Kd7 26. Kd2 Ke6 27. Kd3 Ke5 28. Ke3 Rah8 29. Reh2 Rb8 30. c3 Rb5 31. h5 Kf6 32. hxg6 Rxh2 33. Rxh2 Kxg6 34. b3 a5 35. Rf2 Rc5 36. Kd4 Rg5 37. Rg2 Kf6 38. b4 axb4 39. cxb4 c5+ 40. bxc5 Rxc5 41. Rf2+ Kg6 42. Rf5 e5+ 43. Kd3 Ra5 44. Rf2 Ra3+ 45. Kc4 Re3 46. Kd5 Rd3+ 47. Kc6 Rd4 48. Rf5 Rxe4 49. Kxd6 f6 50. Ke6 Rf4 51. a4 Rxf5 52. gxf5+ Kg5 53. a5 e4 54. a6 e3 55. a7 e2 56. a8Q e1Q+ 57. Kf7 Qc3 58. Qg2+ 1/2-1/2

[Event "COL Subzt 2.3.4"]
[Site "Risarald"]
[Date "2021.11.28"]
[Round "9"]
[White "Diaz Avila, Jarett Alexander"]
[Black "Castano Orrego, Simon"]
[Result "1/2-1/2"]
[WhiteElo "1147"]
[BlackElo "1791"]
[PlyCount "26"]
[EventDate "2021.11.23"]
[EventType "swiss"]
[EventRounds "9"]
[EventCountry "COL"]
[SourceTitle "CBM 205 Extra"]
[Source "ChessBase"]
[SourceDate "2022.01.31"]
[SourceVersion "1"]
[SourceVersionDate "2022.01.31"]
[SourceQuality "1"]

1. e4 e6 2. d4 d5 3. exd5 exd5 4. Nf3 Nc6 5. c4 Bb4+ 6. Nc3 Nf6 7. Bg5 Be6 8. c5 0-0 9. a3 Bxc3+ 10. bxc3 b6 11. Ne5 Na5 12. cxb6 axb6 13. Bd3 c5 1/2-1/2

[Event "COL Subzt 2.3.4"]
[Site "Risarald"]
[Date "2021.11.24"]
[Round "3"]
[White "Moreno Hernandez, Andres Mauricio"]
[Black "Castano Orrego, Simon"]
[Result "0-1"]
[WhiteElo "1387"]
[BlackElo "1791"]
[PlyCount "68"]
[EventDate "2021.11.23"]
[EventType "swiss"]
[EventRounds "9"]
[EventCountry "COL"]
[SourceTitle "CBM 205 Extra"]
[Source "ChessBase"]
[SourceDate "2022.01.31"]
[SourceVersion "1"]
[SourceVersionDate "2022.01.31"]
[SourceQuality "1"]

1. e4 e6 2. d4 d5 3. exd5 exd5 4. Bf4 Bd6 5. Be3 Nf6 6. Nc3 c6 7. Bd3 0-0 8. Qd2 b5 9. f3 Re8 10. Nge2 Qc7 11. 0-0-0 a5 12. Bf4 a4 13. Bxd6 Qxd6 14. Ng3 Be6 15. Nf5 Bxf5 16. Bxf5 Nbd7 17. Kb1 Nb6 18. Bd3 Nc4 19. Bxc4 bxc4 20. Ka1 Reb8 21. Rb1 Ne8 22. a3 Nc7 23. Rhe1 Nb5 24. Nxb5 Rxb5 25. h3 Rab8 26. c3 g6 27. Qc2 Rb3 28. Qd2 Rxa3+ 29. bxa3 Qxa3+ 30. Qa2 Qxc3+ 31. Rb2 Qxe1+ 32. Rb1 Qc3+ 33. Rb2 a3 34. Kb1 Rxb2+ 0-1

[Event "Central America Carribean-ch U20"]
[Site "Pereira"]
[Date "2021.09.26"]
[Round "9"]
[White "Vargas Viscaino, Jesus Daniel"]
[Black "Castano Orrego, Simon"]
[Result "1-0"]
[WhiteElo "1814"]
[BlackElo "1790"]
[PlyCount "71"]
[EventDate "2021.09.21"]
[EventType "swiss"]
[EventRounds "9"]
[EventCountry "COL"]
[SourceTitle "EXT 2023"]
[Source "ChessBase"]
[SourceDate "2022.10.05"]
[SourceVersion "1"]
[SourceVersionDate "2022.10.05"]
[SourceQuality "1"]

1. d4 Nf6 2. c4 g6 3. Nc3 Bg7 4. e4 d6 5. Nf3 0-0 6. Be2 e5 7. 0-0 Nc6 8. d5 Ne7 9. Ne1 Nd7 10. Nd3 f5 11. f3 f4 12. Bd2 g5 13. g4 fxg3 14. hxg3 Ng6 15. Be3 h5 16. Qd2 Bh6 17. Rf2 h4 18. Rh2 Kh7 19. gxh4 Nxh4 20. Ne1 Qf6 21. Ng2 Rg8 22. Kf2 Nxg2 23. Kxg2 Nb6 24. Rah1 Rg6 25. Rxh6+ Rxh6 26. Bxg5 Bh3+ 27. Rxh3 Rg8 28. Rg3 Qg7 29. f4 Nd7 30. Bg4 exf4 31. Qxf4 Nf6 32. Bf5+ Kh8 33. Bxh6 Qf7 34. Be6 Rxg3+ 35. Qxg3 Qh7 36. Be3 1-0

[Event "Central America Carribean-ch U20"]
[Site "Pereira"]
[Date "2021.09.25"]
[Round "7"]
[White "Gonzalez Mojica, Renan Arturo"]
[Black "Castano Orrego, Simon"]
[Result "0-1"]
[WhiteElo "1629"]
[BlackElo "1790"]
[PlyCount "60"]
[EventDate "2021.09.21"]
[EventType "swiss"]
[EventRounds "9"]
[EventCountry "COL"]
[SourceTitle "EXT 2023"]
[Source "ChessBase"]
[SourceDate "2022.10.05"]
[SourceVersion "1"]
[SourceVersionDate "2022.10.05"]
[SourceQuality "1"]

1. d4 Nf6 2. c4 g6 3. Nc3 Bg7 4. e4 d6 5. f4 0-0 6. Nf3 c5 7. d5 e6 8. Be2 exd5 9. cxd5 Re8 10. Nd2 b6 11. 0-0 Ba6 12. Bxa6 Nxa6 13. Re1 Nb4 14. Nf3 c4 15. Qa4 Nd3 16. Re2 Rc8 17. Qxa7 Nc5 18. Ng5 Re7 19. Qa3 h6 20. Nf3 Nfxe4 21. Nxe4 Rxe4 22. Rxe4 Nxe4 23. Be3 c3 24. Bd4 Bxd4+ 25. Nxd4 Qh4 26. bxc3 Qf2+ 27. Kh1 Rxc3 28. Qa4 Kh7 29. Nf3 Rc2 30. Rg1 Qxg1+ 0-1

[Event "Central America Carribean-ch U20"]
[Site "Pereira"]
[Date "2021.09.22"]
[Round "3"]
[White "Castano Orrego, Simon"]
[Black "Lopez Gonzalez, Carlos Andres"]
[Result "0-1"]
[WhiteElo "1790"]
[BlackElo "1985"]
[PlyCount "104"]
[EventDate "2021.09.21"]
[EventType "swiss"]
[EventRounds "9"]
[EventCountry "COL"]
[SourceTitle "EXT 2023"]
[Source "ChessBase"]
[SourceDate "2022.10.05"]
[SourceVersion "1"]
[SourceVersionDate "2022.10.05"]
[SourceQuality "1"]

1. e4 c5 2. Nf3 Nc6 3. Bb5 g6 4. Bxc6 dxc6 5. d3 Bg7 6. h3 Nf6 7. 0-0 Nd7 8. Nc3 e5 9. Be3 Qe7 10. Qd2 h6 11. Nh2 Nf8 12. f4 exf4 13. Rxf4 Be6 14. a4 g5 15. Rff1 Ng6 16. a5 Be5 17. Qf2 Qc7 18. Nf3 Bg3 19. Qd2 Bf4 20. Ne2 Bd6 21. Qc3 Qe7 22. e5 Bd5 23. d4 cxd4 24. Bxd4 Bb4 25. Qd3 Bc5 26. Bxc5 Qxc5+ 27. Ned4 Nf4 28. Qa3 Qxa3 29. Rxa3 0-0-0 30. Nf5 Kc7 31. Nd6 f6 32. c4 Bxf3 33. Raxf3 Rhf8 34. Nf5 fxe5 35. Nxh6 e4 36. Re3 Rd2 37. Rxe4 Rxg2+ 38. Kh1 Rg3 39. Re7+ Kd6 40. Rf7 Rxh3+ 41. Kg1 Rxf7 42. Nxf7+ Kc5 43. Nxg5 Rg3+ 44. Kh2 Rg2+ 45. Kh1 Rxg5 46. Rxf4 Rg7 47. b3 Kb4 48. Rf3 Kxa5 49. Re3 Kb4 50. Rf3 a5 51. Re3 a4 52. bxa4 Kxa4 0-1

[Event "COL-ch sf"]
[Site "Santa Rosa"]
[Date "2021.08.13"]
[Round "5"]
[White "Castano Orrego, Simon"]
[Black "Rosero Zapata, Luis Fernando"]
[Result "0-1"]
[WhiteElo "1777"]
[BlackElo "1926"]
[PlyCount "58"]
[EventDate "2021.08.11"]
[EventType "swiss"]
[EventRounds "11"]
[EventCountry "COL"]
[SourceTitle "CBM 204 Extra"]
[Source "ChessBase"]
[SourceDate "2021.11.30"]
[SourceVersion "1"]
[SourceVersionDate "2021.11.30"]
[SourceQuality "1"]

1. e4 g6 2. d4 Bg7 3. Nc3 d6 4. Bc4 c6 5. a4 Nf6 6. f3 Nbd7 7. Be3 d5 8. Bb3 e6 9. Qd2 Ng8 10. Nge2 b6 11. g4 h5 12. gxh5 Qh4+ 13. Ng3 gxh5 14. Bg5 Qh3 15. exd5 h4 16. dxe6 fxe6 17. Nge4 Ndf6 18. Qf4 Bd7 19. Bxf6 Bxf6 20. Nxf6+ Nxf6 21. Qxf6 Rf8 22. Qg6+ Ke7 23. Qg4 Rxf3 24. Qxh3 Rxh3 25. Kf2 e5 26. dxe5 Rf8+ 27. Kg2 Rhf3 28. e6 h3+ 29. Kg1 Rg8# 0-1

[Event "COL-ch sf"]
[Site "Santa Rosa"]
[Date "2021.08.13"]
[Round "4"]
[White "Pelaez, Hernan"]
[Black "Castano Orrego, Simon"]
[Result "0-1"]
[WhiteElo "1668"]
[BlackElo "1777"]
[PlyCount "68"]
[EventDate "2021.08.11"]
[EventType "swiss"]
[EventRounds "11"]
[EventCountry "COL"]
[SourceTitle "CBM 204 Extra"]
[Source "ChessBase"]
[SourceDate "2021.11.30"]
[SourceVersion "1"]
[SourceVersionDate "2021.11.30"]
[SourceQuality "1"]

1. Nf3 Nf6 2. c4 g6 3. Nc3 Bg7 4. d4 0-0 5. g3 d6 6. Bg2 Nc6 7. 0-0 Re8 8. d5 Na5 9. Qd3 c5 10. Bd2 a6 11. Rab1 b6 12. e4 Qc7 13. Rfe1 Rb8 14. b4 cxb4 15. Rxb4 Nd7 16. Na4 b5 17. cxb5 axb5 18. Rc1 Nc4 19. Nc3 Nc5 20. Qb1 Na3 21. Qb2 Nc4 22. Qc2 Na3 23. Qd1 Nd3 24. Nxb5 Qd8 25. Nxa3 Nxb4 26. Bxb4 Rxb4 27. Nc4 Ba6 28. Bf1 Bxc4 29. Bxc4 Qb6 30. Qe1 Rc8 31. Nd2 Bh6 32. Bd3 Rxc1 33. Qxc1 Bxd2 34. Qxd2 Rb2 0-1

[Event "COL-ch sf"]
[Site "Santa Rosa"]
[Date "2021.08.12"]
[Round "2"]
[White "Ospina Betancur, Santiago"]
[Black "Castano Orrego, Simon"]
[Result "0-1"]
[WhiteElo "1280"]
[BlackElo "1777"]
[PlyCount "92"]
[EventDate "2021.08.11"]
[EventType "swiss"]
[EventRounds "11"]
[EventCountry "COL"]
[SourceTitle "CBM 204 Extra"]
[Source "ChessBase"]
[SourceDate "2021.11.30"]
[SourceVersion "1"]
[SourceVersionDate "2021.11.30"]
[SourceQuality "1"]

1. e4 e6 2. Nc3 d5 3. d4 Nf6 4. e5 Nfd7 5. Be3 c5 6. Nf3 Nc6 7. Bb5 cxd4 8. Bxd4 a6 9. Ba4 b5 10. Bb3 Qc7 11. 0-0 Nxd4 12. Qxd4 Bc5 13. Qg4 0-0 14. Rfe1 Bb7 15. Rad1 a5 16. Rd2 a4 17. Nxb5 Qa5 18. Nbd4 axb3 19. axb3 Bxd4 20. Qxd4 Qc5 21. Qg4 Ra2 22. c3 Rfa8 23. Rde2 Ra1 24. Nd4 Rxe1+ 25. Rxe1 Nxe5 26. Qg3 Ng6 27. f4 Qd6 28. Rf1 Ra2 29. Qe3 Ba6 30. Rf3 Rxb2 31. h3 Rb1+ 32. Kh2 e5 33. Nf5 Qc7 34. Qd2 Qc5 35. Qa2 Qg1+ 36. Kg3 exf4+ 37. Kg4 Ra1 38. Qd2 Ne5+ 39. Kh5 Nxf3 40. Qxd5 h6 41. Ne7+ Kh7 42. Qxf7 Ra5+ 43. Nf5 Qxg2 44. h4 Bc8 45. Qxg7+ Qxg7 46. b4 Rxf5# 0-1

[Event "Pereira Risaraldense Cup-C"]
[Site "Pereira"]
[Date "2021.01.24"]
[Round "9"]
[White "Montoya Molina, Juan Esteban"]
[Black "Castano Orrego, Simon"]
[Result "0-1"]
[WhiteElo "1731"]
[BlackElo "1779"]
[PlyCount "94"]
[EventDate "2021.01.20"]
[EventType "tourn"]
[EventRounds "9"]
[EventCountry "COL"]
[SourceTitle "CBM 200 Extra"]
[Source "ChessBase"]
[SourceDate "2021.03.31"]
[SourceVersion "1"]
[SourceVersionDate "2021.03.31"]
[SourceQuality "1"]

1. e4 e6 2. d4 d5 3. Nc3 Nf6 4. Bd3 dxe4 5. Nxe4 Be7 6. Nf3 Nbd7 7. 0-0 0-0 8. Ng3 c5 9. c3 b6 10. Be3 Bb7 11. Ne5 Nxe5 12. dxe5 Qd5 13. f3 Qxe5 14. Re1 Qc7 15. c4 Rad8 16. Qc2 Rd7 17. Rad1 Rfd8 18. Kh1 Bd6 19. Bf2 Be5 20. Qe2 Bd4 21. Bxd4 Rxd4 22. Bc2 g6 23. Qe3 Rxc4 24. Qg5 Rxc2 25. Qxf6 Rcd2 26. Rxd2 Rxd2 27. Qg5 Qd8 28. Qe5 Rd1 29. h3 Rxe1+ 30. Qxe1 Qd4 31. Qc1 Bd5 32. b3 Qe5 33. Nf1 Kg7 34. Ne3 h5 35. Qd2 b5 36. Kg1 c4 37. bxc4 bxc4 38. Kf2 c3 39. Qc2 Qd4 40. a4 Qb4 41. Ke2 Bb3 42. Qc1 Bxa4 43. Kd3 c2 44. Nxc2 Qb3+ 45. Kd2 Qxc2+ 46. Qxc2 Bxc2 47. Kxc2 f5 0-1

[Event "Pereira Risaraldense Cup-C"]
[Site "Pereira"]
[Date "2021.01.22"]
[Round "5"]
[White "Castano Orrego, Simon"]
[Black "Gonzalez, Luis Enrique"]
[Result "0-1"]
[WhiteElo "1779"]
[BlackElo "1872"]
[PlyCount "40"]
[EventDate "2021.01.20"]
[EventType "tourn"]
[EventRounds "9"]
[EventCountry "COL"]
[SourceTitle "CBM 200 Extra"]
[Source "ChessBase"]
[SourceDate "2021.03.31"]
[SourceVersion "1"]
[SourceVersionDate "2021.03.31"]
[SourceQuality "1"]

1. e4 c6 2. d4 d5 3. exd5 cxd5 4. c4 Nf6 5. Nc3 e6 6. c5 Be7 7. Nf3 b6 8. b4 0-0 9. Bf4 a5 10. Na4 Nbd7 11. c6 Bxb4+ 12. Nd2 Ne4 13. cxd7 Bxd7 14. Nb2 e5 15. dxe5 g5 16. f3 gxf4 17. fxe4 dxe4 18. a3 Qh4+ 19. g3 fxg3 20. Rg1 g2+ 0-1

[Event "COL-ch Superate Intercol U18"]
[Site "Barranquilla"]
[Date "2018.11.28"]
[Round "12.7"]
[White "Fiesco Hoyos, Javier"]
[Black "Castano Orrego, Simon"]
[Result "0-1"]
[WhiteElo "1686"]
[BlackElo "1608"]
[PlyCount "61"]
[EventDate "2018.11.28"]
[EventType "swiss (blitz)"]
[EventRounds "12"]
[EventCountry "COL"]
[SourceTitle "EXT 2024"]
[Source "ChessBase"]
[SourceDate "2023.10.10"]
[SourceVersion "1"]
[SourceVersionDate "2023.10.10"]
[SourceQuality "1"]

1. c4 Nf6 2. g3 e6 3. Bg2 d5 4. cxd5 exd5 5. d4 Bf5 6. Nc3 c5 7. Nf3 cxd4 8. Nxd4 Be6 9. Nxe6 fxe6 10. Bh3 Qd6 11. 0-0 Nc6 12. b3 a6 13. Bb2 Rc8 14. Rc1 b5 15. Re1 b4 16. Na4 Be7 17. Bxf6 Bxf6 18. e4 Bc3 19. Re3 d4 20. Nxc3 bxc3 21. Rd3 Qe5 22. Bg2 0-0 23. f4 Qc5 24. Bh3 Rce8 25. e5 Nb4 26. Rf3 d3+ 27. Kg2 c2 28. Qd2 Nxa2 29. Ra1 c1B 30. Rxc1 Nxc1 31. Qb2 0-1

[Event "COL-ch U18 rap"]
[Site "Barranquilla"]
[Date "2018.11.27"]
[Round "4"]
[White "Castano Orrego, Simon"]
[Black "Cuevas Sanchez, Bramdon Daniel"]
[Result "1-0"]
[WhiteElo "1705"]
[BlackElo "1787"]
[PlyCount "94"]
[EventDate "2018.11.27"]
[EventType "swiss (rapid)"]
[EventRounds "6"]
[EventCountry "COL"]
[SourceTitle "CBM 187 Extra"]
[Source "ChessBase"]
[SourceDate "2018.11.04"]
[SourceVersion "1"]
[SourceVersionDate "2018.11.04"]
[SourceQuality "1"]

1. e4 c5 2. Nf3 a6 3. d4 cxd4 4. Nxd4 e6 5. Bd3 Nc6 6. Be3 Nf6 7. 0-0 Be7 8. c4 d5 9. cxd5 exd5 10. exd5 Nxd5 11. Nxc6 bxc6 12. Bd4 0-0 13. Nc3 Nxc3 14. Bxc3 Bf6 15. Bxf6 Qxf6 16. Qc2 h6 17. Rac1 Be6 18. b3 Bd5 19. Be4 Rfd8 20. Rfd1 Rd6 21. Bd3 Qg5 22. Bf1 Rg6 23. g3 Re6 24. Re1 Rae8 25. Rxe6 Rxe6 26. Bxa6 Qg4 27. Bc4 Qf3 28. Bxd5 cxd5 29. Qc3 Qg4 30. Qd3 Qe4 31. Qxe4 Rxe4 32. Rd1 Re2 33. a4 Rb2 34. Rxd5 Rxb3 35. Rd8+ Kh7 36. a5 Ra3 37. Ra8 Kg6 38. a6 Kf6 39. a7 h5 40. h4 g6 41. Kg2 Kg7 42. Kf1 Ra2 43. Ke1 f6 44. f3 g5 45. Kf1 gxh4 46. gxh4 Kh7 47. Ke1 Kg7 1-0

[Event "COL-ch U18 rap"]
[Site "Barranquilla"]
[Date "2018.11.27"]
[Round "2"]
[White "Castano Orrego, Simon"]
[Black "Perea Erazo, Janyert Julian"]
[Result "0-1"]
[WhiteElo "1705"]
[BlackElo "1590"]
[PlyCount "88"]
[EventDate "2018.11.27"]
[EventType "swiss (rapid)"]
[EventRounds "6"]
[EventCountry "COL"]
[SourceTitle "CBM 187 Extra"]
[Source "ChessBase"]
[SourceDate "2018.11.04"]
[SourceVersion "1"]
[SourceVersionDate "2018.11.04"]
[SourceQuality "1"]

1. e4 c5 2. Nf3 g6 3. d4 cxd4 4. Nxd4 Bg7 5. c4 Nc6 6. Be3 Nf6 7. Nc3 0-0 8. f3 d6 9. Be2 Bd7 10. 0-0 Nxd4 11. Bxd4 Bc6 12. Qd2 Nd7 13. Rac1 Nc5 14. b4 Bxd4+ 15. Qxd4 e5 16. Qd2 Ne6 17. b5 Be8 18. Nd5 Nd4 19. f4 f6 20. c5 Bf7 21. Ne3 dxc5 22. Qb2 b6 23. fxe5 fxe5 24. Rf2 Qg5 25. Ng4 Be6 26. Rxf8+ Rxf8 27. Nf2 Qe3 28. Bf3 Rxf3 29. gxf3 Ne2+ 30. Kg2 Qg5+ 31. Ng4 Nxc1 32. h4 Qxh4 33. Qxe5 Bxg4 34. Qe8+ Kg7 35. Qe5+ Kh6 36. Qf4+ Qg5 37. Qh2+ Bh5+ 38. Kf1 Nd3 39. Ke2 Nf4+ 40. Kf1 Qe5 41. Qd2 Bxf3 42. Qd8 Be2+ 43. Ke1 Qc3+ 44. Kf2 Qd4+ 0-1

[Event "COL-ch U18"]
[Site "Barranquilla"]
[Date "2018.11.24"]
[Round "2"]
[White "Foronda Tovar, Carlos Andres"]
[Black "Castano Orrego, Simon"]
[Result "1-0"]
[WhiteElo "1500"]
[BlackElo "1741"]
[PlyCount "73"]
[EventDate "2018.11.24"]
[EventType "swiss"]
[EventRounds "7"]
[EventCountry "COL"]
[SourceTitle "CBM 187 Extra"]
[Source "ChessBase"]
[SourceDate "2018.11.04"]
[SourceVersion "1"]
[SourceVersionDate "2018.11.04"]
[SourceQuality "1"]

1. d4 Nf6 2. c4 e6 3. Nf3 b6 4. e3 Bb7 5. Bd3 d5 6. 0-0 Bd6 7. Nbd2 Nbd7 8. b3 0-0 9. Bb2 c5 10. Ne5 Qc7 11. Ndf3 Rac8 12. Rc1 Bxe5 13. Nxe5 Nxe5 14. dxe5 Nd7 15. Qh5 h6 16. f4 dxc4 17. bxc4 f5 18. exf6 Nxf6 19. Qh3 Qc6 20. Qg3 Rcd8 21. Rcd1 Rd7 22. Qg6 Rff7 23. Bxf6 Rxf6 24. Qh7+ Kf7 25. Be4 Qc7 26. f5 e5 27. Bd5+ Bxd5 28. cxd5 e4 29. Rf4 Qe5 30. Rg4 Rxf5 31. Rxg7+ Qxg7 32. Qxf5+ Ke8 33. Qxe4+ Re7 34. Qf4 Qc3 35. Qb8+ Kf7 36. Rf1+ Kg6 37. Qd6+ 1-0

[Event "COL pre olympic sf3"]
[Site "Dosquebradas"]
[Date "2018.06.03"]
[Round "9"]
[White "Castano Orrego, Simon"]
[Black "Cardona, Jaiber Camilo"]
[Result "1-0"]
[WhiteElo "1714"]
[BlackElo "1529"]
[PlyCount "65"]
[EventDate "2018.05.30"]
[EventType "swiss"]
[EventRounds "10"]
[EventCountry "COL"]
[SourceTitle "CBM 184 Extra"]
[Source "ChessBase"]
[SourceDate "2018.06.28"]
[SourceVersion "1"]
[SourceVersionDate "2018.06.28"]
[SourceQuality "1"]

1. e4 c5 2. Nf3 d6 3. d4 cxd4 4. Nxd4 Nf6 5. Nc3 a6 6. Bg5 e6 7. f4 Be7 8. Qf3 Nbd7 9. 0-0-0 0-0 10. g4 e5 11. Nf5 exf4 12. Bxf4 g6 13. Nxe7+ Qxe7 14. Bxd6 Qe8 15. Bxf8 Qxf8 16. Nd5 Nxd5 17. Rxd5 Nb6 18. Rd2 Be6 19. a3 Rd8 20. Rxd8 Qxd8 21. Be2 Nd7 22. h4 Ne5 23. Qf4 Qc7 24. Kb1 Qc5 25. h5 Nc4 26. hxg6 hxg6 27. Bxc4 Qxc4 28. Qb8+ Bc8 29. Qe5 f5 30. Rh8+ Kf7 31. Rh7+ Kf8 32. Qe7+ Kg8 33. Qg7# 1-0

[Event "COL pre olympic sf3"]
[Site "Dosquebradas"]
[Date "2018.06.01"]
[Round "4"]
[White "Ossa, Vladimir"]
[Black "Castano Orrego, Simon"]
[Result "1-0"]
[WhiteElo "1985"]
[BlackElo "1714"]
[PlyCount "30"]
[EventDate "2018.05.30"]
[EventType "swiss"]
[EventRounds "10"]
[EventCountry "COL"]
[SourceTitle "CBM 184 Extra"]
[Source "ChessBase"]
[SourceDate "2018.06.28"]
[SourceVersion "1"]
[SourceVersionDate "2018.06.28"]
[SourceQuality "1"]

1. d3 e5 2. c3 d5 3. Qc2 Be6 4. e4 Nf6 5. Nf3 Nc6 6. Be2 Be7 7. 0-0 0-0 8. b4 Bd6 9. a3 h6 10. Bb2 Nd7 11. Nbd2 Ne7 12. c4 c6 13. d4 exd4 14. Nxd4 Qc7 15. h3 Ng6 1-0

[Event "COL pre olympic sf3"]
[Site "Dosquebradas"]
[Date "2018.05.30"]
[Round "1"]
[White "Castano Orrego, Simon"]
[Black "Quinonez Garcia, Santiago"]
[Result "1/2-1/2"]
[WhiteElo "1714"]
[BlackElo "2179"]
[PlyCount "73"]
[EventDate "2018.05.30"]
[EventType "swiss"]
[EventRounds "10"]
[EventCountry "COL"]
[SourceTitle "CBM 184 Extra"]
[Source "ChessBase"]
[SourceDate "2018.06.28"]
[SourceVersion "1"]
[SourceVersionDate "2018.06.28"]
[SourceQuality "1"]

1. e4 c5 2. Nf3 g6 3. d4 cxd4 4. Nxd4 Nc6 5. c4 Nf6 6. Nc3 d6 7. f3 Nxd4 8. Qxd4 Bg7 9. Be3 0-0 10. Qd2 a5 11. Be2 a4 12. Rc1 Be6 13. 0-0 Qa5 14. Nd5 Qxd2 15. Nxe7+ Kh8 16. Bxd2 Rfe8 17. Nd5 Nxd5 18. cxd5 Bxd5 19. Bb5 Re5 20. Bc3 Bxa2 21. Bxe5 Bxe5 22. Rc2 Ra5 23. Be8 Bb3 24. Rd2 Bf4 25. Rd3 Bc4 26. Ra3 b5 27. Rd1 Be5 28. Rd2 Ra8 29. b3 Bxb3 30. Bxb5 Ra5 31. Bc6 Bf4 32. Rd3 Rc5 33. Bxa4 Rc1+ 34. Kf2 Rc2+ 35. Kg1 Rc1+ 36. Kf2 Rc2+ 37. Kg1 1/2-1/2

[Event "Medellin Easter op 7th"]
[Site "Medellin"]
[Date "2017.04.14"]
[Round "4"]
[White "Valencia Quinchoa, Ruben"]
[Black "Castano Orrego, Simon"]
[Result "1/2-1/2"]
[WhiteElo "1904"]
[BlackElo "1684"]
[PlyCount "90"]
[EventDate "2017.04.12"]
[EventType "swiss"]
[EventRounds "8"]
[EventCountry "COL"]
[SourceTitle "CBM 177 Extra"]
[Source "ChessBase"]
[SourceDate "2017.04.27"]
[SourceVersion "1"]
[SourceVersionDate "2017.04.27"]
[SourceQuality "1"]

1. d4 Nf6 2. Nf3 g6 3. g3 Bg7 4. Bg2 0-0 5. 0-0 d6 6. c4 Nc6 7. d5 Na5 8. Nbd2 c5 9. e4 a6 10. Rb1 Rb8 11. b3 b5 12. Bb2 Bd7 13. Re1 e5 14. dxe6 Bxe6 15. cxb5 axb5 16. Ng5 Re8 17. Rc1 h6 18. Nxe6 Rxe6 19. Qc2 Nd7 20. Bxg7 Kxg7 21. f4 Nc6 22. Nf3 Nb4 23. Qd2 Qb6 24. Kh1 Ra8 25. a3 Na6 26. e5 Rd8 27. Bh3 f5 28. exf6+ Rxf6 29. Re7+ Rf7 30. Rxf7+ Kxf7 31. Qd5+ Kf8 32. Qe6 d5 33. Qxd5 Nf6 34. Qe5 Qd6 35. Bf1 Qc6 36. Bg2 Rd5 37. Qb2 Qd6 38. Qc2 Ng4 39. Qe2 b4 40. Ne1 Rd2 41. Qxg4 bxa3 42. Qc8+ Kg7 43. Qb7+ Kf6 44. Qc8 Kg7 45. Qb7+ Kf8 1/2-1/2

[Event "Medellin Easter op 7th"]
[Site "Medellin"]
[Date "2017.04.12"]
[Round "1"]
[White "Castano Orrego, Simon"]
[Black "Soto, Christian Camilo"]
[Result "0-1"]
[WhiteElo "1684"]
[BlackElo "2126"]
[PlyCount "58"]
[EventDate "2017.04.12"]
[EventType "swiss"]
[EventRounds "8"]
[EventCountry "COL"]
[SourceTitle "CBM 177 Extra"]
[Source "ChessBase"]
[SourceDate "2017.04.27"]
[SourceVersion "1"]
[SourceVersionDate "2017.04.27"]
[SourceQuality "1"]

1. e4 c5 2. Nf3 e6 3. d4 cxd4 4. Nxd4 Nf6 5. Bd3 Nc6 6. Nb3 d5 7. exd5 Qxd5 8. 0-0 Be7 9. Nc3 Qd8 10. Re1 0-0 11. Bf4 b6 12. Qe2 Bb7 13. Rad1 Qc8 14. Ne4 Nd5 15. Bd6 Rd8 16. Bxe7 Ncxe7 17. Ng5 Ng6 18. Qh5 Nf6 19. Qh3 Qc6 20. Bxg6 hxg6 21. Nd4 Qd5 22. Ngf3 Qxa2 23. b3 Bxf3 24. Qxf3 Qb2 25. Nc6 Re8 26. Re2 Qa3 27. Ne5 Rad8 28. Red2 Rxd2 29. Rxd2 Qa1+ 0-1